| 000 | 00000nam##2200000za#4500 |
| 001 | 9.596048 |
| 003 | CaOODSP |
| 005 | 20210624203304 |
| 007 | cr ||||||||||| |
| 008 | 150406|2008||||xxc|||||o f|0| 0 fre|d |
| 040 | |aCaOODSP|bfre |
| 043 | |an-cn--- |
| 086 | 1 |aNH18-24/26B-2008F-PDF |
| 110 | 2 |aSociété canadienne d'hypothèques et de logement. |
| 245 | 10|aModèle de contrat de rénovation |h[ressource électronique] |
| 260 | |bSociété canadienne d'hypothèques et de logement |cc2001, révision 2008. |
| 300 | |a14p. |
| 490 | 1 |aVotre maison |vCF26b |
| 590 | |a08-27|b2008-07-04 |
| 775 | 08|tSample renovation contract |w(CaOODSP)9.564272 |
| 776 | 0#|tModèle de contrat de rénovation |w(CaOODSP)9.627889 |
| 830 | #0|aVotre maison ;|vCF26b|w(CaOODSP)9.501787 |
| 856 | 40|ahttp://publications.gc.ca|qPDF|s141 Ko|uhttps://publications.gc.ca/collections/collection_2008/cmhc-schl/nh18-24/NH18-24-26B-2008F.pdf |yCF26b |